00269nam a2200121Ia 4500008004100000100002000041245001500061260002400076300000900100650001400109942000700123999001700130190216s9999||||xx |||||||||||||| ||und|| aKunhiraman Nair 0aChilompoli bNational Book Stall a221p aKavithkal cBK c25952d25952